000 01626cam a2200337 i 4500
001 1034580
003 EG-ScBUE
005 20250716102248.0
008 890109s1989 dcua f b 101 0 eng d
020 _a0841215723
040 _aDLC
_beng
_erda
_cDLC
_dDLC
_dEG-ScBUE
082 0 4 _a541.37
_222
_bELE
245 0 0 _aElectrochemistry, past and present /
_ceditor John T. Stock, University of Connecticut, Mary Virginia Orna, College of New Rochelle.
264 1 _aWashington :
_bAmerican Chemical Society,
_c1989.
300 _aix, 606 pages :
_billustrations ;
_c24 cm.
336 _2rdacontent
_atext
_btxt
337 _aunmediated
_2rdamedia
_bn
338 _avolume
_bnc
_2rdacarrier
490 0 _aACS Symposium Series ;
_v390
500 _a"Developed from a symposium sponsored by the Division of the History of Chemistry and the Division of Analytical Chemistry of the American Chemical Society, at the Third Chemical Congress of North America (195th National Meeting of the American Chemical Society), Toronto, Ontario, Canada, June 5-11, 1988."
504 _aIncludes bibliographical references and index.
650 7 _aElectrochemistry
_xCongresses.
_2BUEsh
650 7 _aElectrochemistry
_xHistory
_xCongresses.
_2BUEsh
653 _bGGEN
_bENGELC
_cMarch2018
655 _vReading book
700 1 _aStock, John T.
_q(John Thomas),
_d1911-
_eeditor.
700 1 _aOrna, Mary Virginia.
_eeditor.
856 4 2 _3Publisher description
_uhttp://www.loc.gov/catdir/enhancements/fy0603/89000015-d.html
856 4 1 _3Table of contents only
_uhttp://www.loc.gov/catdir/enhancements/fy0603/89000015-t.html
942 _2ddc
_cBB
999 _c26280
_d26252